000 01093cam a2200265 a 4500
999 _c219487
_d219487
001 729139
003 Nust
005 20170210094645.0
008 981215s1999 nyu 000 1 eng
010 _a 98055458
020 _a9780141034195
040 _aDLC
_cDLC
_dDLC
050 0 0 _aPR6056.R456
_bK55 1999
082 0 0 _a823.914
_bFRE
100 1 _aFrench, Nicci.
245 1 0 _aKilling me softly /
_cNicci French.
250 _a1st U.S. ed.
260 _aNew York, NY :
_bMysterious Press,
_c1999.
300 _a360 p. ;
_c24 cm.
650 0 _aMarried women
_xPsychology
_vFiction.
650 0 _aMountaineers
_vFiction.
655 7 _aPsychological fiction.
_2lcsh
906 _a7
_bcbc
_corignew
_d1
_eocip
_f19
_gy-gencatlg
942 _2ddc
_cBK